|
|
|
|
| LEADER |
02214cas a2200301 a 4500 |
| 001 |
AALejournalIMF021665 |
| 008 |
230101c9999 xx r poo 0 0eng d |
| 020 |
|
|
|c 5.00 USD
|
| 020 |
|
|
|z 9781513575223
|
| 022 |
|
|
|a 1018-5941
|
| 040 |
|
|
|a BD-DhAAL
|c BD-DhAAL
|
| 100 |
1 |
|
|a Rafiq, Sohrab.
|
| 245 |
1 |
0 |
|a What's in the R- Stars for Korea? /
|c Sohrab Rafiq.
|
| 264 |
|
1 |
|a Washington, D.C. :
|b International Monetary Fund,
|c 2021.
|
| 300 |
|
|
|a 1 online resource (37 pages)
|
| 490 |
1 |
|
|a IMF Working Papers
|
| 500 |
|
|
|a <strong>Off-Campus Access:</strong> No User ID or Password Required
|
| 500 |
|
|
|a <strong>On-Campus Access:</strong> No User ID or Password Required
|
| 506 |
|
|
|a Electronic access restricted to authorized BRAC University faculty, staff and students
|
| 520 |
3 |
|
|a Korea's stars tell of an economy saddled with a real neutral rate (r-star) that has declined significantly in recent decades and is currently below zero. This reflects a significant decline in trend growth, and two large financial crises that triggered significant shifts in the saving-investment balance. Larger fiscal deficits and frothy financial conditions since 2012 have helped offset rising demand for safer assets, preventing the neutral rate from falling further. Nonetheless, the fall in the neutral rate, coupled with its effects on asset returns, has complicated the task of monetary policy stabilization. Korea's neutral rate is likely to remain low over the medium-term and could fall further, reflecting a structural savings-investment imbalance owing to declining productivity and a rotation in demographics increasing the demand for precautionary saving and convenience yield, and widening the capital risk premia. The COVID pandemic risks magnifying these trends.
|
| 538 |
|
|
|a Mode of access: Internet
|
| 650 |
|
7 |
|a Convenience
|2 imf
|
| 650 |
|
7 |
|a Monetary Policy, Central Banking, and The Supply Of Money
|2 imf
|
| 650 |
|
7 |
|a Money and Interest Rates
|2 imf
|
| 650 |
|
7 |
|a Neutral Rate
|2 imf
|
| 650 |
|
7 |
|a Risk Premia
|2 imf
|
| 830 |
|
0 |
|a IMF Working Papers; Working Paper ;
|v No. 2021/093
|
| 856 |
4 |
0 |
|z Full text available on IMF
|u http://elibrary.imf.org/view/journals/001/2021/093/001.2021.issue-093-en.xml
|z IMF e-Library
|